000 00487nam a22001817a 4500
003 NUST - PNEC
005 20170116181201.0
008 160213b xxu||||| |||| 00| 0 eng d
020 _a9789699396595
040 _cLIBRARY
082 _a080 ABD
100 _916395
_aAbdul Hakeem
245 _aKhutbat-e-Iqbal
_cDr. Khalifa Abdul Hakeem
260 _aJhelum:
_bBook Corner Showroom:
_c2014
300 _a185 pages
650 _916396
_aIslamic Philosophy
_xGeneral
942 _2ddc
_cBK
999 _c71453
_d71453